[Event "RUS-ch blitz"]
[Site "Sochi"]
[Date "2017.10.02"]
[Round "15"]
[White "Nechaev, Oleg"]
[Black "Bocharov, Dmitry"]
[Result "0-1"]
[WhiteElo "2410"]
[BlackElo "2585"]
[PlyCount "78"]
[EventDate "2017.10.02"]
[EventType "swiss (blitz)"]
[EventRounds "20"]
[EventCountry "RUS"]
[SourceTitle "EXT 2018"]
[Source "ChessBase"]
[SourceDate "2017.10.13"]
[SourceVersion "1"]
[SourceVersionDate "2017.10.13"]
[SourceQuality "1"]

1. c4 c5 2. Nc3 g6 3. g3 Bg7 4. Bg2 Nc6 5. e4 Nf6 6. Nge2 0-0 7. d3 d6 8. 0-0 a6 9. Rb1 Rb8 10. a4 Ne8 11. Be3 Nd4 12. b4 Nc7 13. Qd2 Bd7 14. b5 axb5 15. axb5 Nce6 16. Bh6 Ra8 17. Bxg7 Kxg7 18. Nxd4 Nxd4 19. Ne2 Nxe2+ 20. Qxe2 e5 21. Ra1 Qg5 22. f4 exf4 23. gxf4 Qe7 24. Qb2+ Kg8 25. d4 Rxa1 26. Qxa1 cxd4 27. Qxd4 Rc8 28. Rd1 Bg4 29. Qxd6 Qh4 30. Rf1 Be2 31. Rc1 Rxc4 32. Qb8+ Kg7 33. Qe5+ Kh6 34. Ra1 Rc2 35. b6 Bd3 36. Qg5+ Qxg5 37. fxg5+ Kxg5 38. e5 Ba6 39. Bd5 Re2 0-1

[Event "RUS-ch blitz"]
[Site "Sochi"]
[Date "2017.10.02"]
[Round "13"]
[White "Nechaev, Oleg"]
[Black "Kryakvin, Dmitry"]
[Result "0-1"]
[WhiteElo "2410"]
[BlackElo "2583"]
[PlyCount "131"]
[EventDate "2017.10.02"]
[EventType "swiss (blitz)"]
[EventRounds "20"]
[EventCountry "RUS"]
[SourceTitle "EXT 2018"]
[Source "ChessBase"]
[SourceDate "2017.10.13"]
[SourceVersion "1"]
[SourceVersionDate "2017.10.13"]
[SourceQuality "1"]

1. c4 c6 2. d4 d5 3. Nf3 Nf6 4. Nc3 dxc4 5. a4 a5 6. Ne5 Ng4 7. Nxg4 Bxg4 8. f3 Bh5 9. e4 e6 10. Bxc4 Be7 11. 0-0 Na6 12. Be3 Nb4 13. Qe2 0-0 14. Rfd1 Kh8 15. Qf2 Bh4 16. Qd2 Be7 17. Qf2 Bg6 18. Rd2 f5 19. d5 exd5 20. exd5 cxd5 21. Nxd5 Nxd5 22. Bxd5 Qc7 23. Rc2 Qd7 24. Bc4 f4 25. Bb6 Bxc2 26. Qxc2 Qc6 27. Bf2 Bc5 28. b3 Rad8 29. h3 Qb6 30. Bxc5 Qxc5+ 31. Kh2 Qd4 32. Re1 Rfe8 33. Rxe8+ Rxe8 34. Qf5 b6 35. Bd3 g6 36. Qf7 Rd8 37. Bc4 Qe5 38. Be6 Qg5 39. Bd7 h5 40. Kg1 Rg8 41. Kh1 Rg7 42. Qf8+ Kh7 43. Be6 Qe5 44. Qe8 Qf6 45. Qc6 Re7 46. Bg8+ Kg7 47. Qc8 Qf8 48. Qxf8+ Kxf8 49. Bc4 Kg7 50. Kg1 Kf6 51. Kf2 g5 52. h4 gxh4 53. Bd3 Re3 54. Bc4 Ke5 55. Bf7 Kd4 56. Kg1 Kc3 57. Kh2 Re1 58. Bxh5 Kxb3 59. Kh3 Kxa4 60. Kxh4 Kb4 61. Kg4 Rg1 62. Kxf4 Rxg2 63. Bf7 a4 64. Ke5 a3 65. f4 a2 66. Kd4 0-1

[Event "RUS-ch blitz"]
[Site "Sochi"]
[Date "2017.10.02"]
[Round "18"]
[White "Nechaev, Oleg"]
[Black "Oganian, Miran"]
[Result "1-0"]
[WhiteElo "2410"]
[BlackElo "2454"]
[PlyCount "61"]
[EventDate "2017.10.02"]
[EventType "swiss (blitz)"]
[EventRounds "20"]
[EventCountry "RUS"]
[SourceTitle "EXT 2018"]
[Source "ChessBase"]
[SourceDate "2017.10.13"]
[SourceVersion "1"]
[SourceVersionDate "2017.10.13"]
[SourceQuality "1"]

1. d4 c5 2. d5 Nf6 3. Nc3 d6 4. e4 g6 5. Bb5+ Bd7 6. a4 Bg7 7. Nf3 0-0 8. h3 Na6 9. 0-0 Nc7 10. Be2 a6 11. Bf4 b5 12. axb5 axb5 13. Rxa8 Qxa8 14. e5 Nfxd5 15. exd6 Nxf4 16. dxc7 Qc8 17. Bxb5 Bxh3 18. Nd5 Nxd5 19. Qxd5 Bg4 20. Ne5 Be6 21. Qxc5 Qb7 22. Rd1 Qe4 23. Nc6 Qg4 24. Nxe7+ Kh8 25. Rd8 Qe4 26. Rxf8+ Bxf8 27. Nxg6+ hxg6 28. Qxf8+ Kh7 29. c8Q Qe1+ 30. Bf1 Bxc8 31. Qxc8 1-0

[Event "RUS-ch blitz"]
[Site "Sochi"]
[Date "2017.10.02"]
[Round "17"]
[White "Oganian, Miran"]
[Black "Nechaev, Oleg"]
[Result "1-0"]
[WhiteElo "2454"]
[BlackElo "2410"]
[PlyCount "113"]
[EventDate "2017.10.02"]
[EventType "swiss (blitz)"]
[EventRounds "20"]
[EventCountry "RUS"]
[SourceTitle "EXT 2018"]
[Source "ChessBase"]
[SourceDate "2017.10.13"]
[SourceVersion "1"]
[SourceVersionDate "2017.10.13"]
[SourceQuality "1"]

1. b3 c5 2. Bb2 Nc6 3. Nf3 d6 4. g3 e5 5. d3 g6 6. Bg2 Bg7 7. 0-0 Nge7 8. c4 0-0 9. Nc3 Rb8 10. Ne1 Be6 11. Nc2 d5 12. cxd5 Nxd5 13. Ne3 Nde7 14. Rc1 b6 15. Nc4 Qd7 16. Qc2 Bh3 17. Rfd1 Bxg2 18. Kxg2 Nd4 19. Qd2 f5 20. f3 f4 21. Qe1 Nef5 22. Ne4 b5 23. Nxc5 Qe7 24. Nd2 Ne3+ 25. Kg1 Rfc8 26. b4 fxg3 27. hxg3 Bh6 28. Nde4 Nxd1 29. Rxd1 Nc2 30. Qc3 Be3+ 31. Kf1 Bxc5 32. Qxc2 Bd4 33. Qb3+ Qf7 34. Qxf7+ Kxf7 35. Bxd4 exd4 36. Nd6+ Ke6 37. Nxc8 Rxc8 38. a4 Rb8 39. axb5 Rxb5 40. Ra1 Rb7 41. Kf2 Kd5 42. Ra5+ Kc6 43. Rc5+ Kd6 44. Rc4 Kd5 45. f4 h5 46. Kf3 Re7 47. Rc5+ Kd6 48. Rg5 Re3+ 49. Kf2 Kc6 50. Rxg6+ Kb5 51. Rd6 h4 52. gxh4 Rh3 53. Rxd4 Rxh4 54. Rc4 Rh1 55. Kf3 Rf1+ 56. Ke4 Rb1 57. f5 1-0

[Event "RUS-chT2"]
[Site "Sochi"]
[Date "2017.05.04"]
[Round "4.3"]
[White "Gutenev, Alexander"]
[Black "Nechaev, Oleg"]
[Result "1-0"]
[WhiteElo "2448"]
[BlackElo "2386"]
[PlyCount "69"]
[EventDate "2017.05.01"]
[EventType "team-swiss"]
[EventRounds "9"]
[EventCountry "RUS"]
[SourceTitle "CBM 178 Extra"]
[Source "ChessBase"]
[SourceDate "2017.06.22"]
[SourceVersion "1"]
[SourceVersionDate "2017.06.22"]
[SourceQuality "1"]
[WhiteTeam "Cheliabinsk Yuzhnyy Ural"]
[BlackTeam "Stavropol Region"]
[WhiteTeamCountry "RUS"]
[BlackTeamCountry "RUS"]

1. e4 c5 2. Nf3 Nc6 3. d4 cxd4 4. Nxd4 Qb6 5. Nb3 Nf6 6. Nc3 e6 7. Qe2 Qc7 8. g4 d6 9. g5 Nd7 10. f4 a6 11. Bd2 b5 12. 0-0-0 Rb8 13. Kb1 Be7 14. Bg2 b4 15. Nd5 exd5 16. exd5 Nce5 17. fxe5 Nxe5 18. Qe4 0-0 19. Nd4 Re8 20. h4 Bg4 21. Rde1 Bf8 22. Qf4 a5 23. h5 a4 24. Nc6 Nxc6 25. dxc6 Rxe1+ 26. Bxe1 Be6 27. Bxb4 Qb6 28. a3 d5 29. Bc3 Bxa3 30. Qe5 Bf8 31. h6 Rd8 32. hxg7 Bb4 33. g6 h6 34. Bxb4 Qxb4 35. Rxh6 1-0